| 000 | 00367 a2200121 4500 | ||
|---|---|---|---|
| 001 | 55568 | ||
| 082 | _a658.21 IMR | ||
| 090 |
_c34500 _d34500 |
||
| 100 | _aImran Sajid, Muhammad translator | ||
| 245 |
_aBusiness at the speed of thought; using a digital nervous system [urdu version] _cMuhammad Imran Sajid |
||
| 260 |
_aLahore _bTakhliqaat _c2007 |
||
| 300 | _a455 p | ||
| 942 |
_aNUST-CAE _k658.21 IMR |
||
| 999 |
_c290641 _d290641 |
||